000 00783cam a2200145 4500500
005 20260201163522.0
041 _afre
042 _adc
100 1 0 _aKaplanian, Patrick
_eauthor
245 0 0 _aThierry Dodin & Heinz Rätner, eds, Recent Research on Ladakh 7. Proceedings of the 7th Colloquium of the International Association for Ladakh Studies held in Bonn/Sankt Augustin, 12-15 June1995. Bonn, Universität Bonn, Seminar für Sprach- und Kulturwissenschaft, Zentralasiens, 1997, xv + 496 p., fig., cartes (« UKAS. Ulmer Kulturanthropologische Schriften » 9)
260 _c2002.
500 _a54
786 0 _nL'Homme | 164 | 4 | 2002-10-01 | p. 155h-205h | 0439-4216
856 4 1 _uhttps://shs.cairn.info/revue-l-homme-2002-4-page-155h?lang=fr&redirect-ssocas=7080
999 _c1643260
_d1643260